00590nam a2200157 a 4500008004100000100002600041245014300067260002900210300003300239500003000272500004100302700006200343003000100405005001700406040000900423 1 aNyathi, Butholezwe K.10aAn assessment of information literacy programmes in children's libraries/ a case study of Bulawayo Public Library/c Butholezwe K. Nyathi. aBulawayo :b Nust,b2008 ax, 68 p. :b ill. ;c 31 cm. aThesis (BSc)---NUST, 2001 aIncludes bibliographical references. aNUST.bDept.Of Library and Information Science.tProject.20230120153123.0 cNUST